Luật xây dựng năm 2003, sửa đổi bổ sung năm 2009

Trình bày nội dung luật xây dựng năm 2003, luật sửa đổi, bổ sung năm 2009 bao gồm 123 điều với các phần: qui định chung, qui hoạch xây dựng, dự án đầu tư xây dựng công trình khảo sát, thiết kế xây dựng, lựa chọn nhà thầu và hợp đồng xâ...

وصف كامل

محفوظ في:
التفاصيل البيبلوغرافية
التنسيق: كتاب
اللغة:Undetermined
منشور في: Hà Nội Lao động 2009
الموضوعات:
الوسوم: إضافة وسم
لا توجد وسوم, كن أول من يضع وسما على هذه التسجيلة!
Thư viện lưu trữ: Trung tâm Học liệu Trường Đại học Cần Thơ
LEADER 01089nam a2200193Ia 4500
001 CTU_153944
008 210402s9999 xx 000 0 und d
020 |c 16000 
082 |a 343.59707869 
082 |b L504 
245 0 |a Luật xây dựng năm 2003, sửa đổi bổ sung năm 2009 
260 |a Hà Nội 
260 |b Lao động 
260 |c 2009 
520 |a Trình bày nội dung luật xây dựng năm 2003, luật sửa đổi, bổ sung năm 2009 bao gồm 123 điều với các phần: qui định chung, qui hoạch xây dựng, dự án đầu tư xây dựng công trình khảo sát, thiết kế xây dựng, lựa chọn nhà thầu và hợp đồng xây dựng, quản lí nhà nước về xây dựng... 
650 |a Building code,Bộ luật xây dựng,Construction,Xây dựng 
650 |x Law and legislation,Luật và văn bản quy phạm pháp luật 
904 |i Trọng Hải 
980 |a Trung tâm Học liệu Trường Đại học Cần Thơ